[Event "Washington State-ch Premier"]
[Site "Redmond"]
[Date "2009.02.14"]
[Round "6"]
[White "Gale, Geoffrey W"]
[Black "Pupols, Viktors"]
[Result "1/2-1/2"]
[WhiteElo "2171"]
[BlackElo "2192"]
[PlyCount "134"]
[EventDate "2009.02.07"]
[EventType "tourn"]
[EventRounds "9"]
[EventCountry "USA"]
[SourceTitle "EXT 2017"]
[Source "ChessBase"]
[SourceDate "2016.10.25"]
[SourceVersion "1"]
[SourceVersionDate "2016.10.25"]
[SourceQuality "1"]

1. e4 e5 2. Nf3 Nc6 3. d4 exd4 4. Nxd4 Bc5 5. Nxc6 Qf6 6. Qd2 dxc6 7. Nc3 Bd4 8. Bd3 Ne7 9. 0-0 Ng6 10. Rb1 Ne5 11. Ne2 Bb6 12. b3 Qe7 13. Bb2 Bd7 14. Qc3 f6 15. a4 Bc5 16. Qd2 Bg4 17. h3 Nxd3 18. cxd3 Bxe2 19. Qxe2 0-0-0 20. Bc3 Bd4 21. Rfc1 g6 22. b4 Qe5 23. Qb2 Rd6 24. Qb3 Rhd8 25. b5 c5 26. a5 Bxc3 27. Rxc3 b6 28. axb6 axb6 29. g3 Qe6 30. Kg2 Qxb3 31. Rbxb3 Rd4 32. Kf3 Ra4 33. h4 Rd6 34. Ke3 Kd7 35. f4 c6 36. bxc6+ Kxc6 37. Ra3 Rdd4 38. Rxa4 Rxa4 39. Rc4 Ra3 40. Rc1 b5 41. Kd2 c4 42. dxc4 b4 43. e5 fxe5 44. fxe5 Rxg3 45. Re1 Kd7 46. Re4 Ke6 47. c5 Rc3 48. Rxb4 Rxc5 49. Rb7 Rd5+ 50. Kc3 Rxe5 51. Rxh7 Rd5 52. Kc4 Ra5 53. Kd4 Kf5 54. Rh6 Ra8 55. Ke3 Rb8 56. Kd4 Re8 57. Kd3 Re1 58. Kd4 Re4+ 59. Kd3 Rg4 60. Ke3 Rg3+ 61. Kf2 Ra3 62. Kg2 Ra6 63. Kg3 Ra3+ 64. Kg2 Rb3 65. Kf2 Rb2+ 66. Kg3 Rb3+ 67. Kf2 Rb2+ 1/2-1/2

[Event "Washington op"]
[Site "Redmond"]
[Date "2008.05.24"]
[Round "2"]
[White "Gale, Geoffrey W"]
[Black "Pupols, Viktors"]
[Result "0-1"]
[WhiteElo "2171"]
[BlackElo "2204"]
[PlyCount "124"]
[EventDate "2008.05.24"]
[EventType "swiss"]
[EventRounds "6"]
[EventCountry "USA"]
[SourceTitle "EXT 2017"]
[Source "ChessBase"]
[SourceDate "2016.10.25"]
[SourceVersion "1"]
[SourceVersionDate "2016.10.25"]
[SourceQuality "1"]

1. e4 d6 2. d4 Nf6 3. Nc3 c6 4. f4 Bg4 5. Nf3 d5 6. e5 Ne4 7. Bd3 Nxc3 8. bxc3 e6 9. 0-0 c5 10. h3 Bxf3 11. Rxf3 c4 12. Bf1 g6 13. a4 Nc6 14. Ba3 Bxa3 15. Rxa3 h5 16. g3 Qa5 17. Ra1 0-0-0 18. Qc1 Kb8 19. Qa3 Ka8 20. Bg2 Rd7 21. Rb1 Rc8 22. Rb5 Qd8 23. a5 a6 24. Rb6 Na7 25. Rb4 Qe7 26. Qa1 Rc6 27. Rf1 Nb5 28. Rfb1 g5 29. f5 exf5 30. Rxb5 axb5 31. Rxb5 Qe6 32. Qd1 f6 33. Qxh5 fxe5 34. Qh8+ Ka7 35. dxe5 Qe7 36. e6 Rxe6 37. Qd4+ Kb8 38. Bxd5 Re1+ 39. Kg2 Qe2+ 40. Qf2 Qxf2+ 41. Kxf2 Re5 42. Bxc4 Rd2+ 43. Kf3 Rxb5 44. Bxb5 Rxc2 45. c4 Rc3+ 46. Kf2 Kc7 47. a6 bxa6 48. Bxa6 Kd6 49. Kg2 Ke5 50. h4 gxh4 51. gxh4 Kf4 52. h5 Kg5 53. Bb5 Kxh5 54. Be8+ Kg4 55. Bf7 Rc2+ 56. Kf1 Kf4 57. Bg8 Ke4 58. Be6 f4 59. Kg1 Ke3 60. Bh3 Rxc4 61. Bg2 f3 62. Bh3 Rh4 0-1

[Event "Washington State Invitational"]
[Site "Seattle"]
[Date "2008.02.17"]
[Round "8"]
[White "Gale, Geoffrey W"]
[Black "Chang, Eddie Cheng Ho"]
[Result "1-0"]
[WhiteElo "2042"]
[BlackElo "1842"]
[PlyCount "49"]
[EventDate "2008.02.09"]
[EventType "tourn"]
[EventRounds "9"]
[EventCountry "USA"]
[SourceTitle "EXT 2017"]
[Source "ChessBase"]
[SourceDate "2016.10.25"]
[SourceVersion "1"]
[SourceVersionDate "2016.10.25"]
[SourceQuality "1"]

1. e4 e6 2. d4 d5 3. Nc3 Nf6 4. e5 Nfd7 5. f4 c5 6. Nf3 Nc6 7. Be3 cxd4 8. Nxd4 Bc5 9. Qd2 0-0 10. 0-0-0 a6 11. Qf2 Bxd4 12. Bxd4 b5 13. Bd3 b4 14. Ne2 a5 15. Rhe1 Ba6 16. g4 Qc7 17. Qh4 g6 18. Bxa6 Rxa6 19. Rd3 Rc8 20. Kb1 Ncxe5 21. Rh3 Qxc2+ 22. Ka1 Nf8 23. Bxe5 Qxe2 24. Rb1 Nd7 25. Qxh7+ 1-0

[Event "Washington State-ch Premier"]
[Site "Seattle"]
[Date "2007.02.11"]
[Round "4"]
[White "Gale, Geoffrey W"]
[Black "Arganian, David H"]
[Result "1-0"]
[WhiteElo "2184"]
[BlackElo "2107"]
[PlyCount "81"]
[EventDate "2007.02.10"]
[EventType "tourn"]
[EventRounds "9"]
[EventCountry "USA"]
[SourceTitle "EXT 2017"]
[Source "ChessBase"]
[SourceDate "2016.10.25"]
[SourceVersion "1"]
[SourceVersionDate "2016.10.25"]
[SourceQuality "1"]

1. e4 c5 2. Nf3 g6 3. d4 cxd4 4. Nxd4 Nc6 5. c4 Nf6 6. Nc3 Bg7 7. Nc2 d6 8. Be2 0-0 9. 0-0 Nd7 10. Bd2 a5 11. Na3 Nc5 12. Nab5 f5 13. exf5 Bxf5 14. Be3 Ne4 15. Bf3 Nxc3 16. Nxc3 Kh8 17. Qd2 Ne5 18. Be2 Rc8 19. b3 Ng4 20. Bxg4 Bxg4 21. h3 Bf5 22. Rad1 Qd7 23. f3 Rc6 24. Nd5 a4 25. Nb6 Qe6 26. Nxa4 b5 27. Nb6 bxc4 28. Nxc4 Qc8 29. Bd4 e5 30. Bb2 Qc7 31. Kh1 Be6 32. Ne3 Bh6 33. Nd5 Qg7 34. Qb4 Qd7 35. Nb6 Qc7 36. Rxd6 Bg7 37. Bxe5 Rc1 38. Bxg7+ Kxg7 39. Rxc1 Qxc1+ 40. Kh2 Rf4 41. Qd2 1-0

[Event "Washington Class-ch Master/Expert"]
[Site "Seattle"]
[Date "2006.11.26"]
[Round "6"]
[White "Gale, Geoffrey W"]
[Black "Bartron, Paul"]
[Result "1-0"]
[WhiteElo "2019"]
[BlackElo "2140"]
[PlyCount "81"]
[EventDate "2006.11.24"]
[EventType "swiss"]
[EventRounds "6"]
[EventCountry "USA"]
[SourceTitle "EXT 2017"]
[Source "ChessBase"]
[SourceDate "2016.10.25"]
[SourceVersion "1"]
[SourceVersionDate "2016.10.25"]
[SourceQuality "1"]

1. e4 e5 2. Nf3 Nc6 3. d4 exd4 4. Nxd4 Bc5 5. Be3 Nxd4 6. Bxd4 Bxd4 7. Qxd4 Qf6 8. e5 Qg6 9. Nc3 Ne7 10. 0-0-0 Qb6 11. Qxb6 axb6 12. Nb5 0-0 13. Bc4 c6 14. Nd6 Ng6 15. Rhe1 Ra5 16. Bb3 Rxe5 17. Rxe5 Nxe5 18. Re1 Ng4 19. f3 Nf6 20. Re7 h6 21. Bxf7+ Kh7 22. h4 b5 23. h5 b6 24. b4 Nd5 25. Bxd5 cxd5 26. Kd2 Kg8 27. Ke3 Rd8 28. Kd4 Ba6 29. Kxd5 Kf8 30. Rf7+ Kg8 31. f4 Rc8 32. Nxc8 Kxf7 33. Nd6+ Kf6 34. g4 Ke7 35. Ke5 Kd8 36. g5 Kc7 37. Ne8+ Kd8 38. Nxg7 Bb7 39. gxh6 Ke7 40. h7 Kf7 41. h8Q 1-0